<?xml version="1.0" encoding="UTF-8"?>
<collection xmlns="http://www.loc.gov/MARC21/slim">
 <record>
  <leader>01978nam a22002537a 4500</leader>
  <controlfield tag="001">30636</controlfield>
  <controlfield tag="003">BD-DhAAL</controlfield>
  <controlfield tag="005">20241121112913.0</controlfield>
  <controlfield tag="008">151126s1996    bg ||||| |||| 00| 0 b   d</controlfield>
  <datafield tag="040" ind1=" " ind2=" ">
   <subfield code="a">BD-DhAAL</subfield>
   <subfield code="c">BD-DhAAL</subfield>
  </datafield>
  <datafield tag="082" ind1=" " ind2=" ">
   <subfield code="2">22</subfield>
   <subfield code="a">370.71/1</subfield>
  </datafield>
  <datafield tag="245" ind1=" " ind2=" ">
   <subfield code="a">শিক্ষক প্রশিক্ষন সহায়িকা :</subfield>
   <subfield code="b">রিফ্রেশার্স (দ্বিতীয় ও তৃতীয় ধাপের/বর্ষের/শ্রেণীর জন্য) /</subfield>
  </datafield>
  <datafield tag="260" ind1=" " ind2=" ">
   <subfield code="a">ঢাকা :</subfield>
   <subfield code="b">ব্র্যাক, প্রাথমিক শিক্ষা কার্যক্রম, </subfield>
   <subfield code="c">১৯৯৬.</subfield>
  </datafield>
  <datafield tag="300" ind1=" " ind2=" ">
   <subfield code="a">৪২ পৃষ্টা :</subfield>
   <subfield code="b">চিত্র ;</subfield>
   <subfield code="c">২৫ সে.মি.</subfield>
  </datafield>
  <datafield tag="541" ind1=" " ind2=" ">
   <subfield code="a">Complimentary copy from BRAC</subfield>
   <subfield code="e">30633</subfield>
  </datafield>
  <datafield tag="650" ind1=" " ind2=" ">
   <subfield code="a">Teachers</subfield>
   <subfield code="x">Training of.</subfield>
   <subfield code="9">16530</subfield>
  </datafield>
  <datafield tag="710" ind1=" " ind2=" ">
   <subfield code="a">প্রাথমিক শিক্ষা কার্যক্রম</subfield>
   <subfield code="9">16531</subfield>
  </datafield>
  <datafield tag="852" ind1=" " ind2=" ">
   <subfield code="a">Ayesha Abed Library</subfield>
  </datafield>
  <datafield tag="942" ind1=" " ind2=" ">
   <subfield code="2">ddc</subfield>
   <subfield code="c">BK</subfield>
  </datafield>
  <datafield tag="999" ind1=" " ind2=" ">
   <subfield code="c">36311</subfield>
   <subfield code="d">36311</subfield>
  </datafield>
  <datafield tag="952" ind1=" " ind2=" ">
   <subfield code="0">0</subfield>
   <subfield code="1">0</subfield>
   <subfield code="2">ddc</subfield>
   <subfield code="4">0</subfield>
   <subfield code="6">370_710000000000000_1_SHI</subfield>
   <subfield code="7">1</subfield>
   <subfield code="9">57086</subfield>
   <subfield code="a">BRACUL</subfield>
   <subfield code="b">BRACUL</subfield>
   <subfield code="c">BRS</subfield>
   <subfield code="d">2015-11-26</subfield>
   <subfield code="e">Complimentary copy from BRAC</subfield>
   <subfield code="l">0</subfield>
   <subfield code="o">370.711 SHI</subfield>
   <subfield code="p">3010030633</subfield>
   <subfield code="r">2015-11-26</subfield>
   <subfield code="t">1</subfield>
   <subfield code="w">2015-11-26</subfield>
   <subfield code="y">BK</subfield>
   <subfield code="x">Complimentary copy from BRAC; Price not available in register.</subfield>
  </datafield>
  <datafield tag="952" ind1=" " ind2=" ">
   <subfield code="0">0</subfield>
   <subfield code="1">0</subfield>
   <subfield code="2">ddc</subfield>
   <subfield code="4">0</subfield>
   <subfield code="6">370_710000000000000_1_SHI</subfield>
   <subfield code="7">1</subfield>
   <subfield code="9">57087</subfield>
   <subfield code="a">BRACUL</subfield>
   <subfield code="b">BRACUL</subfield>
   <subfield code="c">BRS</subfield>
   <subfield code="d">2015-11-26</subfield>
   <subfield code="e">Complimentary copy from BRAC</subfield>
   <subfield code="l">0</subfield>
   <subfield code="o">370.711 SHI</subfield>
   <subfield code="p">3010030634</subfield>
   <subfield code="r">2015-11-26</subfield>
   <subfield code="t">2</subfield>
   <subfield code="w">2015-11-26</subfield>
   <subfield code="y">BK</subfield>
   <subfield code="x">Complimentary copy from BRAC; Price not available in register.</subfield>
  </datafield>
  <datafield tag="952" ind1=" " ind2=" ">
   <subfield code="0">0</subfield>
   <subfield code="1">0</subfield>
   <subfield code="2">ddc</subfield>
   <subfield code="4">0</subfield>
   <subfield code="6">370_710000000000000_1_SHI</subfield>
   <subfield code="7">1</subfield>
   <subfield code="9">57088</subfield>
   <subfield code="a">BRACUL</subfield>
   <subfield code="b">BRACUL</subfield>
   <subfield code="c">BRS</subfield>
   <subfield code="d">2015-11-26</subfield>
   <subfield code="e">Complimentary copy from BRAC</subfield>
   <subfield code="l">0</subfield>
   <subfield code="o">370.711 SHI</subfield>
   <subfield code="p">3010030635</subfield>
   <subfield code="r">2015-11-26</subfield>
   <subfield code="t">3</subfield>
   <subfield code="w">2015-11-26</subfield>
   <subfield code="y">BK</subfield>
   <subfield code="x">Complimentary copy from BRAC; Price not available in register.</subfield>
  </datafield>
  <datafield tag="952" ind1=" " ind2=" ">
   <subfield code="0">0</subfield>
   <subfield code="1">0</subfield>
   <subfield code="2">ddc</subfield>
   <subfield code="4">0</subfield>
   <subfield code="6">370_710000000000000_1_SHI</subfield>
   <subfield code="7">1</subfield>
   <subfield code="9">57089</subfield>
   <subfield code="a">BRACUL</subfield>
   <subfield code="b">BRACUL</subfield>
   <subfield code="c">BRS</subfield>
   <subfield code="d">2015-11-26</subfield>
   <subfield code="e">Complimentary copy from BRAC</subfield>
   <subfield code="l">0</subfield>
   <subfield code="o">370.711 SHI</subfield>
   <subfield code="p">3010030636</subfield>
   <subfield code="r">2015-11-26</subfield>
   <subfield code="t">4</subfield>
   <subfield code="w">2015-11-26</subfield>
   <subfield code="y">BK</subfield>
   <subfield code="x">Complimentary copy from BRAC; Price not available in register.</subfield>
  </datafield>
 </record>
</collection>
